00780 2200181 4500245011100000020002200111250001100133100002000144700000900164650001900173005001900192260002700211041001400238084001200252300002700264500029800291336000900589 a13 Poin Menulis Cerita Pendek b : Dijamin Bisa Menulis Cerpen dalam Waktu SingkatcImperial JatheehText a978-979-29-4676-5 aCet. 1 aImperial Jathee aSeno aMenulis Cerpen a20240124095427 aYogyakartabANDIc2023 aIndonesia a372.623 axii,148 hlm. :c19 cm. aMelalui buku ini, pembaca akan belajar tentang tips memilih tema, membuka cerita pendek yang bagus, membangun karakter tokoh, mengatur porsi dialog dan narasi yang seimbang, menjalin konflik, menata alur, mereka-reka setting, membaca trend update, memutuskan ending cerpen, dan lain sebagainya atext